000
00201 a2200109 4500
020
_a
9789582421533
041
_a
spa
100
_a
Santillana
245
_a
Caminos de fe 4
942
_c
BK
952
_7
1
999
_c
21420
_d
21420